skbl

Dr Suryya Kumar Bhuyan Library Web-OPAC
ডঃ সূৰ্য্য
কুমাৰ ভূঞা পুথিভঁৰাল ৱেব-অ'পেক

All Research Scholars are advised to clear the annual library fees to continue using Library Resources, Remote Access, Plagiarism Test and Library Clearance.

Cotton University Book Fair 2026

Reliability and Life Testing / (Record no. 6583)

MARC details
000 -LEADER
fixed length control field 01049nam a2200409Ia 4500
001 - CONTROL NUMBER
control field 6596
005 - DATE AND TIME OF LATEST TRANSACTION
control field 20240113233926.0
007 - PHYSICAL DESCRIPTION FIXED FIELD--GENERAL INFORMATION
fixed length control field ta
008 - FIXED-LENGTH DATA ELEMENTS--GENERAL INFORMATION
fixed length control field 050628s1986 a g b000 u eng u
020 ## - INTERNATIONAL STANDARD BOOK NUMBER
International Standard Book Number 0 85226 735 5
040 ## - CATALOGING SOURCE
Original cataloging agency Cotton College,Assam
041 ## - LANGUAGE CODE
Language code of text/sound track or separate title eng
082 ## - DEWEY DECIMAL CLASSIFICATION NUMBER
Classification number 311
Item number Si 61 Re
082 ## - DEWEY DECIMAL CLASSIFICATION NUMBER
Classification number 519
Item number Si 61 Re
100 ## - MAIN ENTRY--PERSONAL NAME
Personal name Sinha, S.K..
245 #0 - TITLE STATEMENT
Title Reliability and Life Testing /
Statement of responsibility, etc. S.K. Sinha.
Medium Textual Documents
250 ## - EDITION STATEMENT
Edition statement 1st ed. /
260 ## - PUBLICATION, DISTRIBUTION, ETC.
Place of publication, distribution, etc. New Delhi :
Name of publisher, distributor, etc. Wiley Eastern ,
Date of publication, distribution, etc. 1986.
300 ## - PHYSICAL DESCRIPTION
Extent xii, 252p. :
Other physical details ill. ;
Dimensions 24cm .
504 ## - BIBLIOGRAPHY, ETC. NOTE
Bibliography, etc. note Index
653 ## - INDEX TERM--UNCONTROLLED
Uncontrolled term Statistics-Reliability & Life Testing
653 ## - INDEX TERM--UNCONTROLLED
Uncontrolled term Mathematics-Reliability & Life Testing
653 ## - INDEX TERM--UNCONTROLLED
Uncontrolled term Reliability
653 ## - INDEX TERM--UNCONTROLLED
Uncontrolled term PG-Mathematics
653 ## - INDEX TERM--UNCONTROLLED
Uncontrolled term PG-Statistics
653 ## - INDEX TERM--UNCONTROLLED
Uncontrolled term G-Mathematics
653 ## - INDEX TERM--UNCONTROLLED
Uncontrolled term Life Testing
942 ## - ADDED ENTRY ELEMENTS (KOHA)
Source of classification or shelving scheme Dewey Decimal Classification
Koha item type Books
Holdings
Withdrawn status Lost status Damaged status Not for loan Collection Home library Current library Date acquired Coded location qualifier Total checkouts Full call number Barcode Date last seen Copy number Price effective from Koha item type
          Dr. Suryya Kumar Bhuyan Library Dr. Suryya Kumar Bhuyan Library 01/02/2012 00000   311 Si 61 Re 88809 13/01/2024 1 01/02/2012 Books
          Dr. Suryya Kumar Bhuyan Library Dr. Suryya Kumar Bhuyan Library 01/02/2012 00000   311 Si 61 Re 002/Stat 13/01/2024 4 01/02/2012 Books
          Dr. Suryya Kumar Bhuyan Library Dr. Suryya Kumar Bhuyan Library 01/02/2012 00000   311 Si 61 Re 054/Stat 13/01/2024 3 01/02/2012 Books
          Dr. Suryya Kumar Bhuyan Library Dr. Suryya Kumar Bhuyan Library 01/02/2012 00000   311 Si 61 Re 095/Stati 13/01/2024 5 01/02/2012 Books
          Dr. Suryya Kumar Bhuyan Library Dr. Suryya Kumar Bhuyan Library 01/02/2012 00000   311 Si 61 Re 35417 13/01/2024 6 01/02/2012 Books
          Dr. Suryya Kumar Bhuyan Library Dr. Suryya Kumar Bhuyan Library 01/02/2012 00000   311 Si 61 Re 85418 13/01/2024 7 01/02/2012 Books
          Dr. Suryya Kumar Bhuyan Library Dr. Suryya Kumar Bhuyan Library 01/02/2012 00000   311 Si 61 Re 88808 13/01/2024 2 01/02/2012 Books

Designed and Maintained by Team SKBL
©1901-2026

Powered by Koha